[Event "45th Olympiad 2024"]
[Site "Budapest HUN"]
[Date "2024.09.18"]
[Round "7.82"]
[Board "2"]
[White "Omar, Aden Omar"]
[Black "Oscar Naranjo Gonzalez"]
[Result "1-0"]
[WhiteElo "1779"]
[BlackElo "1861"]
[PlyCount "113"]
[EventDate "2024.09.11"]
[WhiteTeam "Djibouti"]
[BlackTeam "Equatorial Guinea"]
[WhiteTeamCountry "DJI"]

1. e4 e6 2. d4 d5 3. Nd2 Nf6 4. e5 Nfd7 5. Bd3 c5 6. c3 Nc6 7. Ne2 a5 8. Nf3 Qb6 ({RR} 8... a4 9. a3 Nb6 10. Be3 Nc4 11. Bxc4 dxc4 12. dxc5 Qxd1+ 13. Rxd1 Ra5 14. Ng3 Bxc5 15. Bxc5 Rxc5 16. Ne4 Ra5 17. Nd6+ {½-½ Kindermann,S (2535)-Bunzmann,D (2537) AUT-chT 0506 2005 (9)}) 9. h4 $146 ({RR} 9. O-O cxd4 10. cxd4 f6 11. exf6 Nxf6 12. Bf4 Be7 13. Ne5 O-O 14. a3 Nxe5 15. dxe5 Nd7 16. Qc2 h6 17. Be3 Bc5 18. Bxc5 Nxc5 19. Bh7+ Kh8 20. b4 axb4 21. axb4 Rxa1 22. Rxa1 Qxb4 23. Ra8 Qe1# {0-1 P,K (2086)-Shubin,D (2140) Titled Tuesday intern op 20th Sep Late blitz 2022 (6)}) ({RR} 9. O-O cxd4 10. cxd4 Nb4 11. Bb1 Nb8 12. a3 N4a6 13. Bxh7 g6 14. Qc2 Qc7 15. Bxg6 fxg6 16. Qxg6+ Qf7 17. Qc2 Nc6 18. Be3 Rg8 19. Ng5 Qf5 20. Qd2 Be7 21. Ng3 Qg4 22. f4 Bd7 23. Qd3 Rg7 {½-½ Chima,R (2041)-Ionescu,D (2320) ROM-chT div-A 2019 (4.5)}) 9... cxd4 10. cxd4 Bb4+ 11. Kf1 Be7 12. a3 f6 13. Nf4 Nf8 14. Rb1 Bd7 15. Nh5 Rg8 16. Be3 Rc8 17. Rh3 fxe5 18. dxe5 d4 19. Bg5 h6 20. Bxe7 Nxe7 21. Nf4 Bb5 22. Nxd4 Bxd3+ 23. Rxd3 g6 24. Qa4+ Kf7 25. Nb5 Kg7 26. Rd6 Rc6 27. Rbd1 Qc5 28. Re1 Nf5 29. Rxc6 bxc6 30. Nc7 Kf7 31. Qb3 Qe7 32. Qb7 Nd4 33. Rd1 c5 34. b4 axb4 35. axb4 Nd7 36. Ncxe6 Nxe5 37. Qxe7+ Kxe7 38. Nxd4 cxd4 39. Rxd4 Rb8 40. Rd5 Kf6 41. b5 g5 42. hxg5+ hxg5 43. Ne2 Ke6 44. Rd1 Nc4 45. Nd4+ Kf6 46. Rc1 Rc8 47. Nc6 Ne5 48. Ke2 Re8 49. Kd2 Nd7 50. Kd3 Ra8 51. Rc3 Ke6 52. Nd4+ Kd5 53. Nc2 Nc5+ 54. Ke3 Rb8 55. Nb4+ Kd6 56. Rxc5 Re8+ 57. Kd4 1-0

[Event "45th Olympiad 2024"]
[Site "Budapest HUN"]
[Date "2024.09.18"]
[Round "7.82"]
[Board "3"]
[White "Angel Estanislao Gatjens Capche"]
[Black "Mohamed, Ali Dima"]
[Result "1-0"]
[WhiteElo "1849"]
[BlackElo "1761"]
[PlyCount "67"]
[EventDate "2024.09.11"]
[WhiteTeam "Equatorial Guinea"]
[BlackTeam "Djibouti"]
[BlackTeamCountry "DJI"]

1. d4 d5 2. c4 e6 3. Nc3 Bb4 4. Nf3 Bxc3+ 5. bxc3 dxc4 6. e4 b5 7. a4 c6 8. Ba3 Ne7 9. Ne5 O-O 10. h4 $146 ({RR} 10. Be2 f6 11. Nf3 a6 12. O-O Bb7 13. Rb1 Rf7 14. Bxc4 Qd7 15. Ba2 Ng6 16. Nd2 f5 17. Nf3 h6 18. exf5 Rxf5 19. Re1 Rf6 20. Ne5 Qe8 21. Ng4 Nf4 22. Nxf6+ gxf6 23. Qg4+ Kf7 24. Qxf4 Bc8 {1-0 Karymshakov,R-Tashtemirov,K Bishkek Altyn Tuyun op 2017 (3)}) 10... Bb7 11. Qg4 Nd7 12. Nxd7 Qxd7 13. Bc5 f5 14. Qg5 Rf7 15. e5 Nd5 16. Qd2 f4 17. Be2 a5 18. Bf3 Ne7 19. Bh5 g6 20. Bf3 Nd5 21. h5 g5 22. h6 Ne7 23. Rh5 Rf5 24. Be4 Qe8 25. Bxf5 Qxh5 26. Bxe6+ Kf8 27. Qc2 Qg6 28. Qxg6 hxg6 29. h7 Kg7 30. Bxe7 Re8 31. Bf6+ Kxh7 32. Bf7 Rf8 33. e6 Bc8 34. O-O-O 1-0

[Event "45th Olympiad 2024"]
[Site "Budapest HUN"]
[Date "2024.09.18"]
[Round "7.83"]
[Board "1"]
[White "Stratonowitsch, Andre"]
[Black "Koumba, Mounguen Jose Evrard"]
[Result "1-0"]
[WhiteElo "2154"]
[BlackElo "1957"]
[PlyCount "87"]
[EventDate "2024.09.11"]
[WhiteTeam "Seychelles"]
[BlackTeam "Gabon"]
[WhiteTeamCountry "SEY"]
[BlackTeamCountry "GAB"]

1. e4 c5 2. Nf3 e6 3. c3 d5 4. exd5 exd5 5. Bb5+ Bd7 6. Qe2+ Be7 7. O-O Bxb5 8. Qxb5+ Qd7 9. Qe2 Nc6 10. Re1 $146 ({RR} 10. d4 cxd4 11. cxd4 Nf6 12. Nc3 O-O 13. Ne5 Qc7 14. Nb5 Qb6 15. Nxc6 bxc6 16. Qxe7 Qxb5 17. Qa3 Rfe8 18. Bg5 Ne4 19. Bf4 Qb6 20. Rad1 h6 21. Rfe1 {½-½ Csom,I-Lombardy,W Olympiad-18 Final A 1968 (7)}) 10... O-O-O 11. d4 Nf6 12. Bf4 Nh5 13. Be3 Rhe8 14. Qc2 g5 15. dxc5 Nf4 16. Nd4 Bxc5 17. Nd2 Bxd4 18. cxd4 Qg4 19. Bxf4 gxf4 20. h3 Qg7 21. Qf5+ Re6 22. Rxe6 fxe6 23. Qxe6+ Kb8 24. Nb3 Nxd4 25. Nxd4 Qxd4 26. Qe2 f3 27. Qxf3 Qxb2 28. Qd1 Rf8 29. Qe1 a6 30. Rb1 Qxa2 31. Rxb7+ Kxb7 32. Qb4+ Kc6 33. Qxf8 Qa1+ 34. Kh2 Qe5+ 35. f4 Qd6 36. Qc8+ Kb6 37. Kg3 d4 38. Qc1 d3 39. Kf3 Qd4 40. Qe3 Kc5 41. f5 d2 42. Qxd4+ Kxd4 43. Ke2 Ke5 44. g4 1-0

[Event "45th Olympiad 2024"]
[Site "Budapest HUN"]
[Date "2024.09.18"]
[Round "7.83"]
[Board "2"]
[White "Bongo Akanga Ndjila, Barthelemy"]
[Black "Meier, Peter"]
[Result "0-1"]
[WhiteElo "1894"]
[BlackElo "2062"]
[PlyCount "104"]
[EventDate "2024.09.11"]
[WhiteTeam "Gabon"]
[BlackTeam "Seychelles"]
[WhiteTeamCountry "GAB"]
[BlackTeamCountry "SEY"]

1. d4 Nf6 2. c4 e6 3. Nc3 d5 4. cxd5 exd5 5. Bg5 c6 6. e3 Be7 7. Bd3 O-O 8. Nge2 Nh5 9. Bxe7 ({RR} 9. h4 Re8 10. Qc2 h6 11. Bxe7 Qxe7 12. O-O-O Bg4 13. Kb1 Bd7 14. Bf5 Nf6 15. Ng3 Na6 16. a3 Nc7 17. h5 Rad8 18. Rh3 a6 19. Bxd7 Qxd7 20. Nf5 Nb5 21. Nxb5 axb5 22. Rg3 Nxh5 23. Nxh6+ Kf8 {0-1 Borsuk,K (2413)-Esipenko,A (2716) Titled Tuesday intern op 08th June blitz 2021 (5)}) 9... Qxe7 10. Qc2 g6 11. h3 Ng7 $146 ({RR} 11... a5 12. g4 Ng7 13. O-O-O Na6 14. Qd2 b5 15. Rdg1 f5 16. Nf4 Nc7 17. gxf5 Bxf5 18. h4 Nce6 19. Nxe6 Qxe6 20. h5 Bxd3 21. Qxd3 Rxf2 22. hxg6 h5 23. Rg5 Raf8 24. Re5 Qg4 25. Nd1 Qg2 26. Nxf2 {½-½ Prilleltensky,M (2192)-Simeonov,S (2241) PNWCC vs Europe Hybrid 04 2022 (1)}) 12. O-O-O b5 13. g4 Na6 14. Qd2 Nb4 15. Bb1 a5 16. Ng3 f5 17. gxf5 Nxf5 18. a3 Na6 19. e4 Nxg3 20. fxg3 b4 21. axb4 axb4 22. Na4 Qc7 23. Qd3 Qa5 24. b3 dxe4 25. Qc4+ Kh8 26. Bxe4 Qg5+ 27. Kb1 Bf5 28. Qxc6 Qe3 29. Bxf5 Qxb3+ 30. Nb2 gxf5 31. Rd3 Qf7 32. d5 Rfc8 33. Qe6 Qg7 34. Qxf5 Nc5 35. Rf3 Rf8 36. Qh5 Rxf3 37. Qxf3 Qg6+ 38. Kc1 Nb3+ 39. Qxb3 Ra1+ 40. Kd2 Rxh1 41. Nd1 Rh2+ 42. Kc1 Qe4 43. d6 Qd4 44. Qa4 Qd2+ 45. Kb1 Qxd6 46. Qa1+ Kg8 47. Qa8+ Kg7 48. Qa7+ Kg6 49. Qa4 Qd3+ 50. Kc1 Qa3+ 51. Qxa3 bxa3 52. Kb1 Rh1 0-1

[Event "45th Olympiad 2024"]
[Site "Budapest HUN"]
[Date "2024.09.18"]
[Round "7.84"]
[Board "1"]
[White "Gontcharov, Serguei"]
[Black "Senglek, Khonsavanh"]
[Result "1-0"]
[WhiteElo "1927"]
[BlackElo "1591"]
[PlyCount "33"]
[EventDate "2024.09.11"]
[WhiteTeam "Bermuda"]
[BlackTeam "Laos"]
[WhiteTeamCountry "BER"]
[BlackTeamCountry "LAO"]

1. e4 Nc6 2. d4 e6 3. Nf3 g6 ({RR} 3... f5 4. exf5 exf5 5. d5 Na5 6. Bd3 g6 7. O-O b6 8. c4 h5 9. Nc3 Nf6 10. Bg5 Be7 11. Ne5 O-O 12. Nxg6 Bb4 13. Bxf5 c6 14. Ne4 Re8 15. Nxf6+ Kf7 16. Qxh5 b5 17. Qh7# {1-0 Kosten,A (2551)-Millot,T Paris Sophos sim2 2002}) 4. Nc3 ({RR} 4. Be3 Bh6 5. Bxh6 Nxh6 6. Qd2 Ng4 7. h3 Nf6 8. e5 Ne4 9. Qe3 Nxf2 10. Qxf2 Nb4 11. a3 Nd5 12. c4 Nb6 13. Nbd2 O-O 14. Ne4 f5 15. exf6 Nxc4 16. Bxc4 d5 17. f7+ Rxf7 18. Neg5 Rxf3 {1-0 Prokhorov,M (1289)-Hradek,M EU Union-ch U08 2022 (1)}) 4... d5 $146 ({RR} 4... Bg7 5. Bg5 Bf6 6. Be3 Nh6 7. Bxh6 Qe7 8. e5 Bxe5 9. Nxe5 Qf6 10. Ne4 Qf5 11. Qf3 d6 12. Qxf5 exf5 13. Nxc6 fxe4 14. Nb4 Bd7 15. Nd5 O-O-O 16. Nf6 Be6 17. Bg7 Rhe8 18. Nxe8 Rxe8 19. O-O-O {1-0 Monteiro,A (1605)-Duarte,J Coimbra-chT 1995 (6)}) ({RR} 4... Bg7 5. Bd3 Nf6 6. Bg5 {1-0 Rivero Acedo,J-March,R Valladolid CC Reloj Justina 03rd 1974 (9)}) ({RR} 4... Bg7 5. Be2 d6 6. Be3 Nge7 7. Qd2 O-O 8. Bh6 Re8 9. h4 Bf6 10. h5 Kh8 11. Bg5 Bxg5 12. Nxg5 Rf8 13. hxg6 Nxg6 14. Nxh7 Kg7 15. Qh6+ Kg8 16. Nf6+ Qxf6 17. Qh7# {1-0 Klundt,M (1386)-Itze,J Schweinfurt op 2007 (6)}) 5. Be2 Nge7 6. O-O Bg7 7. e5 Nf5 8. Bg5 Qd7 9. Qd2 O-O 10. g4 Nfe7 11. Bf6 a6 12. Qg5 Re8 13. Bxg7 Kxg7 14. Qf6+ Kf8 15. Ng5 Nd8 16. Nxh7+ Kg8 17. Qh4 1-0

[Event "45th Olympiad 2024"]
[Site "Budapest HUN"]
[Date "2024.09.18"]
[Round "7.85"]
[Board "1"]
[White "Tchouka, Yakini"]
[Black "Kim, Sanker"]
[Result "1-0"]
[WhiteElo "1932"]
[BlackElo "1564"]
[PlyCount "63"]
[EventDate "2024.09.11"]
[WhiteTeam "Togo"]
[BlackTeam "Cambodia"]
[WhiteTeamCountry "TOG"]
[BlackTeamCountry "CMB"]

1. e4 Nc6 2. d4 e5 3. d5 Nce7 4. g3 Ng6 ({RR} 4... d6 5. Bg2 g6 6. f4 Bg7 7. Nf3 exf4 8. gxf4 Nf6 9. Nc3 O-O 10. O-O c6 11. dxc6 bxc6 12. Be3 Re8 13. Qd2 d5 14. Ne5 Ng4 15. Nxg4 Bxg4 16. exd5 cxd5 17. Bd4 Bxd4+ 18. Qxd4 Nf5 19. Qxd5 {½-½ Oral,T (2528)-Polak,T (2503) CZE-chT 1314 2013 (11.5)}) ({RR} 4... Nf6 5. Bg2 Ng6 6. Be3 Bb4+ 7. c3 Ba5 8. Na3 Bb6 9. Bxb6 axb6 10. d6 c6 11. h4 h5 12. Nh3 b5 13. Nc2 Kf8 14. Qd2 Ne8 15. a3 Kg8 16. Ne3 b6 17. O-O Bb7 18. Nf5 Nf6 19. Rad1 {1-0 Margolin,B (2402)-Jakob,M (2108) Oberliga Ost-B 2122 2021 (8.2)}) 5. Bg2 Bc5 6. Nc3 d6 7. Na4 $146 ({RR} 7. Nge2 N8e7 8. h4 h5 9. O-O Bd7 10. Qd3 Qc8 11. Be3 Bb6 12. a4 Ba5 13. Nb5 Bb6 14. c4 a6 15. Nxd6+ cxd6 16. Bxb6 O-O 17. c5 dxc5 18. Rfc1 Qb8 19. Bxc5 b5 20. Qa3 Re8 21. Bd6 Qb6 {1-0 Frilli,G (2131)-Traversi,C (1792) Cesenatico op 9th 2004 (3)}) 7... Bb6 8. Ne2 Nf6 9. h4 h5 10. Bg5 Nf8 11. f3 N8h7 12. Nxb6 axb6 13. Qd2 Nxg5 14. hxg5 Nd7 15. f4 f6 16. g6 f5 17. exf5 Nf6 18. fxe5 dxe5 19. Qg5 Ng4 20. Qxg4 hxg4 21. Rxh8+ Ke7 22. f6+ gxf6 23. Rxd8 Kxd8 24. g7 Be6 25. dxe6 Ke7 26. O-O-O c6 27. Be4 Rg8 28. Rd7+ Kxe6 29. Bh7 Rb8 30. Rd1 Kf7 31. Rd7+ Ke6 32. Rxb7 1-0

[Event "45th Olympiad 2024"]
[Site "Budapest HUN"]
[Date "2024.09.18"]
[Round "7.86"]
[Board "2"]
[White "Roberts, Gennard"]
[Black "Tan, Santiago Jr"]
[Result "1-0"]
[WhiteElo "1582"]
[BlackElo "1903"]
[PlyCount "129"]
[EventDate "2024.09.11"]
[WhiteTeam "Grenada"]
[BlackTeam "Palau"]
[WhiteTeamCountry "GRA"]
[BlackTeamCountry "PAL"]

1. e4 c6 2. d4 d5 3. exd5 cxd5 4. c4 Nf6 5. Nc3 Nc6 6. Nf3 a6 7. h3 ({RR} 7. cxd5 Nxd5 8. Bc4 Be6 9. Bb3 Nxc3 10. bxc3 Bxb3 11. axb3 e6 12. Bg5 Be7 13. Bxe7 Qxe7 14. O-O O-O 15. Re1 Rfd8 16. Re4 Qc7 17. Qe2 h6 18. h3 b5 19. c4 bxc4 20. bxc4 a5 21. Qc2 Nb4 {½-½ Giri,A (2764)-Grischuk,A (2777) Chessable Masters Final rapid 2020 (1.23)}) 7... h6 ({RR} 7... g6 8. c5 Bf5 9. a3 Bg7 10. Bf4 Ne4 11. Ne5 O-O 12. Nxc6 bxc6 13. Be2 Qa5 14. Rc1 e5 15. Bxe5 Bxe5 16. dxe5 Rfe8 17. O-O Rxe5 18. Nxe4 Bxe4 19. f4 Ree8 20. Bd3 Rab8 21. Rf2 Bxd3 22. Qxd3 {1-0 Gerbelli Neto,E (2114)-Barbaric,V (2147) Titled Tue 10th Sep Late 2024 (5)}) 8. a3 $146 ({RR} 8. cxd5 Nxd5 9. Bd3 e6 10. O-O Be7 11. Re1 Ncb4 12. Bb1 Nf6 13. a3 Nbd5 14. Ne5 b5 15. Nxd5 Qxd5 16. Ba2 Qb7 17. Bf4 O-O 18. Qd3 Rd8 19. Rac1 Bd6 20. Qg3 Bf8 21. Nc6 Re8 22. Bxh6 Bd7 {½-½ Teclaf,P (2551)-Warmerdam,M (2612) Bundesliga 2022-23 (9.5)}) ({RR} 8. Be3 Bf5 9. Be2 dxc4 10. Bxc4 e6 11. O-O Be7 12. Rc1 O-O 13. a3 Ne4 14. Ne2 Ng5 15. Ne5 Rc8 16. Ng3 Nxe5 17. dxe5 Qxd1 18. Rfxd1 Bg6 19. Rd7 Bd8 20. Rxb7 a5 21. Ra7 Ne4 22. Ne2 Rb8 {1-0 Zimmerman,A (1432)-Davaa,N Wch U12 Girls 2012 (3.55)}) 8... dxc4 9. Bxc4 e6 10. O-O Be7 11. Re1 O-O 12. d5 exd5 13. Nxd5 Nxd5 14. Bxd5 Bf6 15. Ra2 Bf5 16. b4 Qc7 17. Be4 Be6 18. Rae2 Bc4 19. Re3 b5 20. Qc2 Rad8 21. Bb2 Nd4 22. Nxd4 Bxd4 23. Bxd4 Rxd4 24. Bf3 Qb6 25. Qc3 Be6 26. Qc6 Rd6 27. Qe4 Rfd8 28. Qh4 a5 29. Rb1 Rd4 30. Qe7 a4 31. Rc1 Bc4 32. Rce1 Rd2 33. Qh4 Be6 34. Rc1 Qd6 35. Qh5 Bc4 36. Rce1 Qf6 37. Qc5 Qd6 38. Re8+ Kh7 39. Rxd8 Qxd8 40. Qf5+ g6 41. Qf4 Qd4 42. Qxd4 Rxd4 43. Rd1 Rxd1+ 44. Bxd1 Kg7 45. f4 g5 46. Kf2 Kf6 47. Ke3 Ke6 48. fxg5 hxg5 49. Kd4 Kd6 50. Bg4 Ba2 51. Bf5 Bd5 52. g3 Bg2 53. h4 gxh4 54. gxh4 Bf3 55. Bd3 Bc6 56. h5 Ke7 57. Ke5 Bd7 58. h6 f6+ 59. Kd5 Kf7 60. Kd6 Be8 61. Bf5 Kf8 62. Ke6 Kg8 63. Kxf6 Kh8 64. Ke5 Bf7 65. Kd4 1-0

[Event "45th Olympiad 2024"]
[Site "Budapest HUN"]
[Date "2024.09.18"]
[Round "7.87"]
[Board "1"]
[White "Hemam, Moulaye Brahim"]
[Black "Kudakwashe Chinake"]
[Result "1-0"]
[WhiteElo "1977"]
[BlackElo "1859"]
[PlyCount "75"]
[EventDate "2024.09.11"]
[WhiteTeam "Mauritania"]
[BlackTeam "Cayman Islands"]
[WhiteTeamCountry "MAU"]
[BlackTeamCountry "CAY"]

1. e4 c6 2. c4 d5 3. cxd5 cxd5 4. exd5 Qxd5 5. Nc3 Qe5+ 6. Be2 Nf6 ({RR} 6... Nc6 7. Nf3 Qc7 8. d4 e6 9. O-O Nf6 10. Bg5 Be7 11. Rc1 Qd8 12. Bd3 O-O 13. a3 b6 14. Bb1 Bb7 15. Qd3 g6 16. Rfe1 Qd6 17. Nb5 Qd7 18. Ne5 Nxe5 19. dxe5 Nd5 20. Rc7 Qxb5 21. Qxb5 {1-0 Kejzar,P (2153)-Abeer,A (1510) 12th Women's Sharjah Cup 2022 (3.14)}) 7. Nf3 Qd6 8. d4 a6 $146 ({RR} 8... Nc6 9. Nb5 Qb8 10. d5 a6 11. dxc6 axb5 12. Bxb5 bxc6 13. Bxc6+ Bd7 14. Bxa8 Qxa8 15. O-O e6 16. Bf4 Be7 17. Bd6 Qd8 18. Bxe7 Qxe7 19. Ne5 O-O 20. Nxd7 Nxd7 21. Rc1 Rd8 22. Rc7 Qe8 23. Qa4 {1-0 Bartak,J (1433)-Rakintsev,S (1739) CZE-ch Betsys Online Blitz 2021 (11)}) 9. O-O e6 10. Qc2 Nc6 11. Rd1 Be7 12. Bg5 Nb4 13. Qb3 O-O 14. Ne5 b5 15. Bxf6 gxf6 16. Ne4 Qd8 17. Nxf6+ Bxf6 18. Qxb4 Bb7 19. Rd3 Be7 20. Rg3+ Kh8 21. Qd2 Bf6 22. Qh6 Be4 23. Rd1 Qe7 24. Nd7 Bg6 25. Nxf8 Rxf8 26. Bd3 Bxd4 27. Bxg6 Bxf2+ 28. Kxf2 fxg6+ 29. Rf3 Rc8 30. Qd2 e5 31. Qd6 Rc2+ 32. Kg1 Qxd6 33. Rxd6 Kg7 34. g4 Rxb2 35. g5 Rxa2 36. Rd7+ Kg8 37. Rdf7 Ra1+ 38. Kf2 1-0

[Event "45th Olympiad 2024"]
[Site "Budapest HUN"]
[Date "2024.09.18"]
[Round "7.87"]
[Board "2"]
[White "Young, Christopher"]
[Black "Abdellahi Khaled Abdellahi"]
[Result "1/2-1/2"]
[WhiteElo "1758"]
[BlackElo "1894"]
[PlyCount "97"]
[EventDate "2024.09.11"]
[WhiteTeam "Cayman Islands"]
[BlackTeam "Mauritania"]
[WhiteTeamCountry "CAY"]
[BlackTeamCountry "MAU"]

1. d4 d5 2. c4 c6 3. Nf3 Nf6 4. Nc3 e6 5. e3 Nbd7 6. Qc2 Be7 7. Bd3 dxc4 8. Bxc4 b5 9. Bd3 Bb7 10. O-O a6 11. e4 c5 12. e5 Nd5 13. Nxd5 Bxd5 14. Be4 Bxe4 15. Qxe4 O-O 16. Be3 c4 17. d5 exd5 18. Qxd5 Nc5 19. Rfd1 $146 ({RR} 19. Qxd8 Rfxd8 20. Bxc5 Bxc5 21. Rfd1 Kf8 22. Kf1 Ke7 23. Ke2 Rxd1 24. Rxd1 Rd8 25. Rxd8 Kxd8 26. Ng5 Ke7 27. f4 h6 28. Ne4 Bd4 29. b3 cxb3 30. axb3 Ke6 31. Kd3 Bg1 32. h3 Bh2 33. Nc5+ Kd5 {1-0 Shokirjonova,B (2032)-Orazmukhammedova,M (1815) ch-UZB Women 2024 (10.8)}) 19... Qxd5 20. Rxd5 Nd3 21. b3 Rfd8 22. bxc4 bxc4 23. Rxd8+ Rxd8 24. Kf1 c3 25. a4 Bc5 26. Bxc5 Nxc5 27. Ne1 Rd4 28. Ke2 h6 29. Nf3 Rc4 30. Ne1 Nb3 31. Rb1 c2 32. Nxc2 Rxc2+ 33. Kd3 Rxf2 34. Rxb3 Rxg2 35. Rb8+ Kh7 36. Ra8 Rxh2 37. Rxa6 Ra2 38. Ke4 h5 39. Ra7 h4 40. Rxf7 h3 41. Rf1 Rxa4+ 42. Kd5 g5 43. e6 Ra2 44. Re1 Ra5+ 45. Ke4 Kg6 46. Kf3 Ra3+ 47. Kf2 Ra8 48. Kg3 Re8 49. Kxh3 1/2-1/2

[Event "45th Olympiad 2024"]
[Site "Budapest HUN"]
[Date "2024.09.18"]
[Round "7.87"]
[Board "3"]
[White "Cheikhna, Mohamed Lemine"]
[Black "Shaw, Clifford"]
[Result "0-1"]
[WhiteElo "1884"]
[BlackElo "1744"]
[PlyCount "56"]
[EventDate "2024.09.11"]
[WhiteTeam "Mauritania"]
[BlackTeam "Cayman Islands"]
[WhiteTeamCountry "MAU"]
[BlackTeamCountry "CAY"]

1. e4 e6 2. d4 d5 3. exd5 exd5 4. Bd3 Nc6 5. c3 Bd6 6. Qf3 Be6 7. Ne2 Qd7 8. Bf4 Nf6 9. h3 ({RR} 9. Bxd6 cxd6 10. Nd2 O-O-O 11. h3 Kb8 12. O-O-O Ne4 13. g4 f5 14. gxf5 Bxf5 15. Nxe4 dxe4 16. Bxe4 Rhf8 17. Rdf1 Bxe4 18. Qxe4 Rde8 19. Qd3 Qe6 20. Ng3 Qxa2 21. Ne4 Qd5 22. Re1 Ne5 23. Qc2 Nf3 {0-1 Semeniuk,A (2464)-Volkov,S (2609) RUS-chT 09th Group2 2002 (6)}) ({RR} 9. Bxd6 Qxd6 10. Qg3 Qe7 11. Nd2 O-O-O 12. O-O Nh5 13. Qf3 Qg5 14. Qe3 Qf6 15. Qf3 Qg5 16. Qe3 Qf6 17. Qf3 Qh6 18. Qe3 g5 19. f4 gxf4 20. Nxf4 Rhg8 21. Rae1 Qg5 22. Rf2 Bd7 23. Nxh5 Rde8 {0-1 Bartolo,F (1829)-Garcia Gracia,V (2132) Collado Villalba Grupo Gallinero op 1st 2022 (2)}) 9... O-O-O 10. O-O $146 ({RR} 10. Nd2 Ne7 11. Bxd6 Qxd6 12. Qf4 {½-½ Campos,E-Wikstrom,P (2080) Arnold Cup Gausdal 1995 (7)}) ({RR} 10. Nd2 h6 11. O-O-O Na5 12. Bxd6 Qxd6 13. Nf4 Bd7 14. Nh5 Nxh5 15. Qxh5 Be6 16. Qh4 g5 17. Qg3 Qxg3 18. fxg3 Nc4 19. Rde1 Nxd2 20. Kxd2 Kd7 21. Rhf1 c6 22. Be2 Ke7 23. Bd3 Rde8 24. Bf5 Ref8 {0-1 Bintakies,M (2150)-Wagner,A (2390) Oberliga Bayern 9798 1997 [2]}) ({RR} 10. Nd2 Ne7 11. a4 h5 12. Be5 Bg4 13. Qe3 Bxe2 14. Bxe2 Rde8 15. f4 Nf5 16. Qd3 Ne4 17. g4 Nfg3 18. Nxe4 Nxh1 19. Nxd6+ cxd6 20. Qf3 dxe5 21. dxe5 Qe7 22. O-O-O hxg4 23. Qxg4+ Qe6 24. Qxg7 Nf2 {0-1 Andrenko,I-Arutyunova,D (2200) UKR games U16 B4 2nd 2004 (2)}) 10... Rde8 11. Bxd6 Qxd6 12. Nd2 Kb8 13. a4 Nd7 14. Qg3 Qe7 15. a5 g5 16. b4 h5 17. b5 Nd8 18. Rfb1 b6 19. axb6 Nxb6 20. Ra2 h4 21. Qe3 g4 22. hxg4 Qd7 23. Nb3 Bxg4 24. Qc1 Qd6 25. Nc5 a5 26. Nf4 h3 27. Bf1 hxg2 28. Nxg2 Qh2# 0-1

[Event "45th Olympiad 2024"]
[Site "Budapest HUN"]
[Date "2024.09.18"]
[Round "7.87"]
[Board "4"]
[White "Tracey, Shaun M"]
[Black "Abdou Ahmed Alem"]
[Result "0-1"]
[WhiteElo "1684"]
[BlackElo "1897"]
[PlyCount "100"]
[EventDate "2024.09.11"]
[WhiteTeam "Cayman Islands"]
[BlackTeam "Mauritania"]
[WhiteTeamCountry "CAY"]
[BlackTeamCountry "MAU"]

1. e4 c6 2. d4 d5 3. f3 g6 4. Nc3 Bg7 5. Be3 Nf6 6. e5 Ng8 7. f4 ({RR} 7. Qd2 h5 8. h4 Nh6 9. Nh3 Nf5 10. Bd3 Nxe3 11. Qxe3 Bh6 12. Ng5 e6 13. O-O-O b6 14. g4 Ba6 15. Bxa6 Nxa6 16. gxh5 gxh5 17. f4 Qe7 18. Qe2 Nc7 19. Qxh5 O-O-O 20. Kb1 Rdf8 21. Rde1 {½-½ Arutinian,D (2556)-Kasparov,S (2493) Wroclaw Anderssen Memorial fin 21st rapid 2012 (3.2)}) 7... Nh6 8. h3 $146 ({RR} 8. Nf3 f6 9. h3 Nf7 10. Qd2 Be6 11. O-O-O Nd7 12. g4 f5 13. Qg2 Nb6 14. Nd2 Nh6 15. Be2 Nd7 16. g5 Nf7 17. h4 Qc7 18. h5 Rg8 19. Nf3 O-O-O 20. Kb1 Kb8 21. Na4 Rc8 22. Nc5 Nd8 {0-1 Gara,T (2367)-Hoang,T (2288) Olympiad Women-44 2022 (6.2)}) 8... Nf5 9. Bf2 h5 10. Qd2 b6 11. Nf3 Ba6 12. O-O-O h4 13. e6 fxe6 14. Ng5 Qd6 15. Re1 Bc8 16. Bd3 Bf6 17. Rhf1 Bxg5 18. fxg5 Ba6 19. Be3 Bxd3 20. Qxd3 O-O 21. Bf4 Qd7 22. Be5 c5 23. Ne2 Nc6 24. Nf4 c4 25. Qd1 Kh7 26. Rf3 Ng3 27. c3 Ne4 28. Qc2 Rf5 29. Ref1 Raf8 30. Qd1 Nxe5 31. dxe5 Nxg5 32. R3f2 Qc7 33. Qg4 Qxe5 34. Qxh4+ Kg7 35. Re2 Rxf4 36. Rxe5 Rxh4 37. Rxf8 Kxf8 38. Rxg5 Kf7 39. Kd2 Rf4 40. Ke2 Kf6 41. Rg3 Kf5 42. Ke3 e5 43. Ke2 a5 44. Ke1 d4 45. cxd4 exd4 46. Ke2 e5 47. Ke1 e4 48. Ra3 e3 49. Ra4 d3 50. g3 Rd4 0-1

[Event "45th Olympiad 2024"]
[Site "Budapest HUN"]
[Date "2024.09.18"]
[Round "7.88"]
[Board "1"]
[White "Kamara, Ansumana"]
[Black "Enemchukwu Chinedu Benjamin"]
[Result "1-0"]
[WhiteElo "1876"]
[BlackElo "2001"]
[PlyCount "101"]
[EventDate "2024.09.11"]
[WhiteTeam "Sierra Leone"]
[BlackTeam "Saint Vincent and the Grenadines"]
[WhiteTeamCountry "SIE"]

1. e4 d5 2. exd5 Nf6 3. c4 e6 4. dxe6 Bxe6 5. Nf3 Nc6 6. Be2 Bc5 7. O-O Qd7 8. a3 a5 ({RR} 8... O-O-O 9. b4 Bd4 10. Ra2 Ng4 11. Bb2 Bxb2 12. Rxb2 Qd6 13. h3 h5 14. d4 Qf4 15. Rd2 Ne7 16. d5 Bd7 17. Qc1 Ne5 18. Nxe5 Qxe5 19. Bd3 Nf5 20. Re1 Qf6 21. Rde2 g5 22. Re5 Nh4 23. Qe3 {1-0 Pilgaard,K (2413)-Damaso,R (2409) Burgas op 10th 2001 (7)}) ({RR} 8... O-O-O 9. b4 Bd4 10. Nc3 Bxc3 11. dxc3 Qxd1 12. Rxd1 Rxd1+ 13. Bxd1 Bxc4 14. Bd2 Ne4 15. Be1 Nd6 16. Nd2 Bd3 17. f4 Re8 18. Bf2 Ne4 19. Nxe4 Bxe4 20. Bb3 f5 21. Rd1 h6 22. Bh4 Nb8 23. a4 {0-1 Bassani,J (1932)-Aranha Filho,A (2200) Florianopolis Winter op 6th 2022 (6)}) 9. Nc3 O-O 10. d3 Rad8 $146 ({RR} 10... Rfe8 11. Bg5 Ng4 12. Ne4 Bd4 13. h3 Nge5 14. Nxd4 Nxd4 15. Nc5 Qd6 16. Nxe6 Rxe6 17. Re1 Rae8 18. Be3 Nxe2+ 19. Rxe2 Qxd3 20. Rd2 Qg6 21. Rc1 f5 22. Rd8 c6 23. Rxe8+ Rxe8 24. Bf4 Qf6 25. Qb3 {1-0 Bolzoni,V (2315)-Van Leeuwen,E BEL-ch Belgium 1992 (10)}) ({RR} 10... Bf5 11. Bg5 Ng4 12. Nd5 f6 13. Bf4 Nge5 14. Kh1 Rac8 15. b4 Nxf3 16. Bxf3 axb4 17. axb4 Bd4 18. Rb1 Ne5 19. Be4 Rfe8 20. Be3 Bxe3 21. Nxe3 Bxe4 22. dxe4 Qc6 23. Qd5+ Kh8 24. Rfd1 Qb6 25. c5 {1-0 Ayas Fernandez,A (2300)-Llobel Cortell,E (2155) Mislata op 7th 1998 (3)}) 11. Qb3 b6 12. Bg5 Be7 13. Nb5 Bg4 14. Rad1 h6 15. Bf4 Rc8 16. d4 Nh5 17. Be3 Nf6 18. d5 Nb8 19. Ne5 Qf5 20. Nxg4 Nxg4 21. Bxg4 Qxg4 22. h3 Qf5 23. d6 cxd6 24. Nxd6 Bxd6 25. Rxd6 Qe4 26. Rc1 Nc6 27. Qxb6 Rfe8 28. Qb7 Red8 29. Rcd1 Qe8 30. c5 Ne5 31. Qd5 Rxd6 32. cxd6 Nd7 33. Qxa5 Qe6 34. Qd5 Qe8 35. b4 Ra8 36. Qb3 Qd8 37. b5 Qa5 38. b6 Rb8 39. Rb1 Qe5 40. Qb4 Rb7 41. a4 f5 42. a5 Nb8 43. Qc4+ Kh7 44. a6 Nxa6 45. Qxa6 Qe4 46. Qb5 g5 47. d7 f4 48. Bxf4 Qxf4 49. d8=Q Rf7 50. Qbd3+ Kg7 51. Q3d4+ 1-0